History Quiz

Random History or Clickable Quiz

Monarchy No More Quiz Stats

Quiz Updated Nov 3, 2014

Challenge
Share
Tweet
Score 0/25 Timer 06:00
2 Plays Today
% Correct
Napoleon III
95.2%
Nicholas II
90.6%
Wilhelm II
86.8%
Romulus Augustulus
85%
Lili'uokalani
82.6%
Cuauhtemoc
77.3%
Haile Selassie I
74.9%
Stanisław II
73.3%
Sunjong
70.4%
Bogd Khan
69.8%
Mohammed Reza Pahlavi
67.5%
Constantine XI Palaiologos
66.9%
Bao Dai
65.8%
% Correct
Umberto II
62.9%
Túpac Amaru
61.1%
Constantine II
57.6%
Pedro II
57.4%
Karl I
53.7%
Mehmed VI
51.3%
Manuel II
50.5%
Aisin-Gioro Puyi
49.9%
Maximilian I
48%
Mohammed Zahir Shah
47.7%
Fuad II
47.6%
Faisal II
41.7%

You're not logged in!

Compare scores with friends on all Sporcle quizzes.
Join for Free
OR
Log In

You Might Also Like...

Show Comments

Extras

Top Quizzes Today


Score Distribution

Your Account Isn't Verified!

In order to create a playlist on Sporcle, you need to verify the email address you used during registration. Go to your Sporcle Settings to finish the process.

Report this User

Report this user for behavior that violates our Community Guidelines.

Details: